Spanish Area Codes On A Map - Statistics

General Stats
  • This quiz has been taken 90 times
  • The average score is 37 of 50
Answers on the Map
Answers color-coded by a green-red scale on the quiz's map according to % correct below.
 
Answer Stats
Answer % Correct
1
97%
3
93%
58
90%
64
90%
28
86%
50
86%
53
86%
56
86%
59
86%
67
86%
69
86%
23
83%
24
83%
27
83%
57
83%
68
83%
72
83%
73
83%
82
83%
83
83%
86
83%
88
83%
21
79%
22
79%
26
79%
41
79%
42
79%
43
79%
45
79%
47
79%
48
79%
49
79%
74
79%
75
79%
76
79%
77
79%
79
79%
80
79%
81
79%
87
79%
25
76%
71
76%
78
76%
20
72%
51-52
17%
60-61-62-63
17%
65-66
17%
44-46
14%
54-55
14%
84-85
14%
No matching quizzes found
Score Distribution
Percent of People with Each Score
Percentile by Number Answered
Your Score History
You have not taken this quiz